Taylor Swift 1989 Album Songs - Statistics

General Stats
  • This quiz has been taken 2,112 times
  • The average score is 16 of 19
Answer Stats
# Song % Correct
2. Blank Space
96%
19. Blank Space (Guitar/Vocal)
96%
1. Welcome to New York
96%
3. Style
93%
6. Shake It Off
91%
13. Clean
88%
9. Wildest Dreams
88%
8. Bad Blood
87%
4. Out of the Woods
87%
16. New Romantics
83%
14. Wonderland
82%
11. This Love
81%
5. All You Had To Do Was Stay
80%
12. I Know Places
80%
17. I Know Places (Piano/Vocal)
80%
10. How You Get the Girl
79%
15. You Are in Love
73%
7. I Wish You Would
72%
18. I Wish You Would (Track/Vocal)
72%
No matching quizzes found
Score Distribution
Percent of People with Each Score
Percentile by Number Answered
Your Score History
You have not taken this quiz